000
00341nam a2200133Ia 4500
008
231219s9999 xx 000 0 und d
041
_a
eng
082
_a
609
100
_a
Berkun Scott
245
_a
The Myths of Innovation
260
_b
Shroff Publishers & Distributers Navi Mumbai Navi Mumbai
300
_a
225
650
_a
Management
999
_c
1001489
_d
1001489